| 000 | 01413cam a2200217 4500 | ||
|---|---|---|---|
| 001 | ##L131561 | ||
| 008 | 051116n2005 000 0 eng u | ||
| 035 | _a(Sirsi) u131561 | ||
| 041 | 0 | _aeng | |
| 050 | 0 | 4 | _a630.142 $2 18 |
| 110 | 1 |
_aRoyal Institution of Chartered Surveyors _bPublic Affairs _94679 |
|
| 245 | 0 | 0 |
_aRICS rural land market survey Great Britain _bthird quarter 2005 |
| 260 |
_aLondon _bRICS _c2005 |
||
| 490 | 0 |
_aRICS Rural Land Market Survey Great Britain _vThird Quarter 2005 |
|
| 520 | _aShows farmland values falling again in the third quarter 2005, the third consecutive quarterly decline. Prices recorded an annual fall of just under 1% for the first time in two years although the price of bare land continues to rise. Sales activity was suppressed by weaker demand and a fall in availability. Demand for farmland fell for the first time in nine quarters although demand conditions remain stronger than in 2004. Commercial farm prices are expected to rise modestly over the next year but residential farms are expected to experience lower prices. | ||
| 590 | _aIKA221105 | ||
| 650 | 2 | 4 | _aRICS RURAL LAND MARKET SURVEY GREAT BRITAIN |
| 690 | _aPROPERTY-RURAL AND NATURAL ASSETS-RURAL AND NATURAL ASSET MARKET | ||
| 856 | 4 | 0 |
_uhttps://www.rics.org/profession-standards/knowledge-and-information-services/document-delivery-and-o _zemail [email protected] to request a copy |
| 942 | _n0 | ||
| 999 |
_c104781 _d104781 |
||